000 00634nam a22002057a 4500
003 0
005 20230907142637.0
008 230907b xxu||||| |||| 00| 0 eng d
020 _a978-0-323-98812-4
050 _aRA 785
_b.R66 2022
100 _aRomas, John A.
245 _aPractical stress management : a comprehensive workbook
_cJohn A. Romas
250 _aEighth edition
260 _aUnited Kingdom
_bElsevier
_cc2022.
300 _axiii, 230 pages ;
_c28 cm.
500 _aStress management.
504 _aIncludes bibliographical references, index, and glossary.
650 _aStress management.
942 _2lcc
_cBK
999 _c365265
_d365265